Hotel Transylvania movies 1 -3 Cast - Statistics

General Stats
  • This quiz has been taken 39 times
    36 since last reset
  • The average score is 8 of 26
Answer Stats
Hint Answer % Correct
Mavis Selena Gomez
96%
Dracula Adam Sandler
89%
Jonathon Andy Samberg
59%
Frankenstein's Monster Kevin James
59%
Jack Griffin David Spade
56%
Wayne Steve Buscemi
48%
Murray the Mummy Cee Lo Green
37%
Murray the Mummy Keegan-Michael Key
37%
Eunice Fran Drescher
33%
Joe Jonas Kraken
30%
Vlad Mel Brooks
30%
Kathry Hahn Ericka
26%
Sandie Sandler Winnie
26%
Wanda Molly Shannon
22%
Martha Jackie Sandler
19%
Dennis Asher Blinkoff
15%
Genndy Tartakovsky Blobby
15%
bela Rob Riggle
15%
Quasimodo Jon Lovitz
11%
Grandpa Mike Nick Offerman
11%
Chrissy Tiegen Crystal
7%
Shrunken Heads Luenell
7%
Suit of Armour Brian George
4%
Dana Dana Carvey
4%
Grandma Linda Megan Mullally
4%
Winnie Sadie Madison Sandler
4%
No matching quizzes found
Score Distribution
Percent of People with Each Score
Percentile by Number Answered
Your Score History
You have not taken this quiz since the last reset